FDI spillovers over time in an emerging market (Record no. 5236)

MARC details
000 -CABECERA
campo de control de longitud fija 02168nam a22003017a 4500
003 - IDENTIFICADOR DEL NÚMERO DE CONTROL
campo de control OSt
005 - FECHA Y HORA DE LA ÚLTIMA TRANSACCIÓN
campo de control 20260515120448.0
008 - DATOS DE LONGITUD FIJA--INFORMACIÓN GENERAL
campo de control de longitud fija 260121b |||||||| |||| 00| 0 eng d
022 ## - NÚMERO INTERNACIONAL NORMALIZADO PARA PUBLICACIONES SERIADAS
Número Internacional Normalizado para Publicaciones Seriadas 1948-0989
022 ## - NÚMERO INTERNACIONAL NORMALIZADO PARA PUBLICACIONES SERIADAS
Número Internacional Normalizado para Publicaciones Seriadas 0001-4273
040 ## - FUENTE DE LA CATALOGACIÓN
Centro catalogador/agencia de origen TBS
Lengua de catalogación EN
Centro/agencia transcriptor TBS
041 ## - CÓDIGO DE LENGUA
Código de lengua del texto/banda sonora o título independiente eng
100 ## - ENTRADA PRINCIPAL--NOMBRE DE PERSONA
Nombre de persona Zhang, Yan
Forma completa/desarrollada del nombre Anthea
9 (RLIN) 27028
Término indicativo de función/relación author
245 ## - MENCIÓN DE TÍTULO
Título FDI spillovers over time in an emerging market
Resto del título : the roles of entry tenure and barriers to imitation
Mención de responsabilidad, etc. / Yan “Anthea” Zhang, Yu Li, Haiyang Li.
260 ## - PUBLICACIÓN, DISTRIBUCIÓN, ETC.
Nombre del editor, distribuidor, etc. Academy of Management Journal,
Fecha de publicación, distribución, etc. 2014
300 ## - DESCRIPCIÓN FÍSICA
Extensión 698-722 pages.
362 ## - FECHAS DE PUBLICACIÓN Y/O DESIGNACIÓN SECUENCIAL
Fecha de publicación y/o designación secuencial Academy of Management journal, 2014-06, Vol.57 (3), p.698-722
520 ## - SUMARIO, ETC.
Sumario, etc. In this study, we examine how foreign direct investment (FDI) spillovers to domestic firms in an emerging market occur over time. From the organizational learning perspective, we propose that, as entry tenure of foreign firms in an industry increases, domestic firms can learn from the foreign firms over time and improve their productivity. We further build upon the competitor imitation argument to propose that this effect will be stronger when barriers to imitation faced by the domestic firms are lower. Based upon a comprehensive panel dataset on manufacturing firms in China in 1998-2007, our findings strongly support these arguments. We find that entry tenure of foreign firms in an industry has a positive relationship with the productivity of individual domestic firms in the same industry, albeit at a diminishing rate. We also find that this positive relationship is stronger when the foreign firms have lower export intensity, lower intangible asset intensity, and have followed a more rhythmic (i.e., less irregular) entry pattern—situations characterizing lower barriers to imitation.
630 #0 - PUNTO DE ACCESO ADICIONAL DE MATERIA--TÍTULO UNIFORME
Título uniforme MSc International Business
9 (RLIN) 26977
650 #0 - PUNTO DE ACCESO ADICIONAL DE MATERIA--TÉRMINO DE MATERIA
Término de materia o nombre geográfico como elemento de entrada Industrial productivity
9 (RLIN) 7574
650 #0 - PUNTO DE ACCESO ADICIONAL DE MATERIA--TÉRMINO DE MATERIA
Término de materia o nombre geográfico como elemento de entrada Business enterprises
9 (RLIN) 7633
650 #0 - PUNTO DE ACCESO ADICIONAL DE MATERIA--TÉRMINO DE MATERIA
Término de materia o nombre geográfico como elemento de entrada Emerging markets
9 (RLIN) 26991
650 #0 - PUNTO DE ACCESO ADICIONAL DE MATERIA--TÉRMINO DE MATERIA
Término de materia o nombre geográfico como elemento de entrada Industrial management
9 (RLIN) 20469
700 ## - ENTRADA AGREGADA--NOMBRE PERSONAL
Nombre de persona Li, Yu
9 (RLIN) 27030
Término indicativo de función/relación author
700 ## - ENTRADA AGREGADA--NOMBRE PERSONAL
Nombre de persona Li, Haiyang
9 (RLIN) 27029
Término indicativo de función/relación author
856 ## - LOCALIZACIÓN Y ACCESO ELECTRÓNICOS
Identificador Uniforme del Recurso <a href="https://research-ebsco-com.hub.tbs-education.fr/c/q5dvh4/viewer/pdf/yb6kevstif">https://research-ebsco-com.hub.tbs-education.fr/c/q5dvh4/viewer/pdf/yb6kevstif</a>
942 ## - ELEMENTOS DE ENTRADA AGREGADA (KOHA)
Fuente del sistema de clasificación o colocación Clasificación de Library of Congress
Holdings
Estado de retiro Estado de pérdida Fuente del sistema de clasificación o colocación Estado dañado No para préstamo Biblioteca de origen Biblioteca actual Fecha de adquisición Total de préstamos Código de barras Fecha visto por última vez Identificador Uniforme del Recurso Precio válido a partir de Tipo de ítem Koha
    Clasificación Decimal Dewey     TBS Barcelona TBS Barcelona 24/03/2026   5236 24/03/2026 https://research-ebsco-com.hub.tbs-education.fr/c/q5dvh4/viewer/pdf/yb6kevstif 24/03/2026 Academic Article

Powered by Koha